000 00489nam a2200205Ia 4500
003 OSt
005 20230607150546.0
008 210423s2011 xx 000 0 und d
020 _a9780071331791
040 _cAL
041 _aeng
082 _a658.404 CARP
100 _aCARROLL (John).
_9121671
245 _aProject management.
260 _aNew Delhi
_bTata McGrawhill
_c2011
300 _a192
_bPB
365 _b525
_cINR
906 _amanagement. ; Project
942 _2ddc
_cBK
999 _c176229
_d176229